| 000 | 00490nam a2200181 4500 | ||
|---|---|---|---|
| 001 | 108821 | ||
| 003 | ES-MaACL | ||
| 005 | 20250902063103.0 | ||
| 007 | t| | ||
| 008 | 061121s1984 sp r ||||1| spa d | ||
| 100 | 1 |
_aMontoya Melgar, Alfredo _982712 |
|
| 245 | 1 | 0 |
_aDerecho del Trabajo / _cAlfredo Montoya Melgar. |
| 250 | _a5.ยช ed. | ||
| 260 |
_aMadrid : _bTecnos, _c1984. |
||
| 300 |
_a788 p. ; _c24 cm. |
||
| 852 |
_aES-MaACL _jL-6226 _bR.107030 |
||
| 999 |
_c108821 _d108821 |
||